[Event "YUG-ch sf"]
[Site "Niska Banja"]
[Date "1996.??.??"]
[Round "4"]
[White "Carnic, Srdjan"]
[Black "Djoric, Vojislav"]
[Result "1-0"]
[WhiteElo "2310"]
[BlackElo "2115"]
[PlyCount "80"]
[EventDate "1996.??.??"]
[EventType "swiss"]
[EventRounds "11"]
[EventCountry "YUG"]
[SourceTitle "EXT 2002"]
[Source "ChessBase"]
[SourceDate "2001.11.25"]
[SourceVersion "1"]
[SourceVersionDate "2001.11.25"]
[SourceQuality "1"]

1. d4 Nf6 2. c4 g6 3. Nc3 Bg7 4. e4 d6 5. f3 0-0 6. Bg5 c5 7. d5 e6 8. Qd2 exd5 9. cxd5 Re8 10. Nge2 a6 11. a4 Qa5 12. Ra3 Nbd7 13. Nc1 Ne5 14. Be2 Rb8 15. 0-0 c4 16. Be3 h6 17. h3 g5 18. Kh2 Nh5 19. g3 Qc7 20. Nd1 Ng6 21. Bd4 b5 22. axb5 axb5 23. Ne3 Bxd4 24. Qxd4 Qb6 25. Qd2 Nf6 26. Na2 h5 27. Nb4 Qc7 28. Nc6 Qd7 29. Nf5 Rb7 30. Qxg5 Nxd5 31. Qh6 Qxf5 32. exf5 Bxf5 33. Nd4 Bd7 34. Rfa1 h4 35. Ra8 hxg3+ 36. Kxg3 Rbb8 37. Rxb8 Rxb8 38. Ra7 Bc8 39. Qg5 Ndf4 40. Qd8+ Kg7 1-0

[Event "YUG-ch sf"]
[Site "Niska Banja"]
[Date "1996.??.??"]
[Round "3"]
[White "Djoric, Vojislav"]
[Black "Somborski, Nebojsa"]
[Result "0-1"]
[WhiteElo "2115"]
[BlackElo "2320"]
[PlyCount "110"]
[EventDate "1996.??.??"]
[EventType "swiss"]
[EventRounds "11"]
[EventCountry "YUG"]
[SourceTitle "EXT 2002"]
[Source "ChessBase"]
[SourceDate "2001.11.25"]
[SourceVersion "1"]
[SourceVersionDate "2001.11.25"]
[SourceQuality "1"]

1. Nf3 Nf6 2. c4 e6 3. d4 d5 4. Nc3 Be7 5. Bg5 h6 6. Bxf6 Bxf6 7. cxd5 exd5 8. Rc1 0-0 9. e3 Nc6 10. Bd3 Ne7 11. b4 c6 12. Qc2 Qd6 13. Rb1 Bg4 14. Nd2 Rac8 15. Qa4 a6 16. Nb3 Bf5 17. Bxf5 Nxf5 18. 0-0 Bd8 19. Nc5 Rc7 20. Qc2 g6 21. a4 h5 22. b5 axb5 23. axb5 h4 24. b6 Re7 25. h3 Qf6 26. Nd3 Nd6 27. Ne5 Kg7 28. f4 Qf5 29. Qf2 f6 30. Ng4 Rh8 31. Na4 Qc8 32. Qc2 Nf5 33. Rf3 Rhe8 34. Rb3 Qa8 35. Ra3 Bxb6 36. Qb2 Bd8 37. Nc5 Qc8 38. Ra7 b6 39. Rxe7+ Rxe7 40. Nd3 Qa6 41. Qc3 Ng3 42. Kh2 Rc7 43. Qc2 Qc8 44. Nb4 Be7 45. Qa4 Qd7 46. Qb3 Ra7 47. Nc2 Qb7 48. Qc3 Ra4 49. Nf2 Rc4 50. Qd3 f5 51. Nd1 Qa6 52. Nb2 Ra4 53. Qb3 Ra5 54. Qc3 Qb5 55. Rf2 Ne4 0-1

[Event "YUG-ch sf"]
[Site "Niska Banja"]
[Date "1996.??.??"]
[Round "11"]
[White "Rolj, Petar"]
[Black "Djoric, Vojislav"]
[Result "1/2-1/2"]
[WhiteElo "2115"]
[BlackElo "2115"]
[PlyCount "57"]
[EventDate "1996.??.??"]
[EventType "swiss"]
[EventRounds "11"]
[EventCountry "YUG"]
[SourceTitle "EXT 2002"]
[Source "ChessBase"]
[SourceDate "2001.11.25"]
[SourceVersion "1"]
[SourceVersionDate "2001.11.25"]
[SourceQuality "1"]

1. e4 c5 2. Nf3 d6 3. d4 cxd4 4. Nxd4 Nf6 5. Bd3 Qb6 6. Ne2 Nc6 7. 0-0 e6 8. Ng3 Be7 9. Kh1 h5 10. h3 Bd7 11. Nd2 h4 12. Ne2 Ne5 13. f4 Nxd3 14. cxd3 Bb5 15. Nf3 Qa6 16. Ne1 Nxe4 17. a4 Nc5 18. Be3 Bxd3 19. Nxd3 Qxd3 20. Bxc5 Qxd1 21. Raxd1 dxc5 22. f5 Rd8 23. fxe6 fxe6 24. Rde1 Rh6 25. Nf4 Rd6 26. Re4 Rd4 27. Rxe6 Rxf4 28. Rxe7+ Kxe7 29. Rxf4 1/2-1/2